000 00860nam a22002657a 4500
005 20170124110107.0
010 _aA-895409
020 _c00.00
_a8170249880
035 _aA-895409
037 _bCen Lib/Ret
040 _aDPL
_bEN
082 _a923.2
_bSON
245 _aSonia Gandhi :
_cedited by S. R. Bakshi, Sita Ram Sharma [and] S. Gajnani
_bthe president of AICC /
260 _aNew Delhi
_bA. P. H. Publishing Corporation
_c1998
270 _bNew Delhi
_a5, Ansari Road, Darya Ganj
_e110002
300 _a196p.
_c21cm(Hb)
490 _aContemporary political leadership in India
500 _aIncludes index
650 _aPolitical science
_928329
650 _aPoliticians
_99392
700 _aBakshi, S. R.
_91667
700 _aSharma, Sita Ram
_917529
700 _aGajnani, S.
_928318
942 _2ddc
_cEN
_h923.2
_mSON
999 _c130114
_d130114